| 000 | 01072cam a22001935a 4500 | ||
|---|---|---|---|
| 001 | L138264 | ||
| 008 | 070525e2007 xxk f 000 0 eng d | ||
| 035 | _a(Sirsi) u138264 | ||
| 041 | 0 | _aeng | |
| 245 | 0 | 0 |
_aMalmesbury and others v. Strutt and Parker and others _h[electronic resource] |
| 260 | _c2007 | ||
| 520 | 1 | _a[2007] EWHC 1132 (QB), 15 May 2007. Supplementary judgment to [2007] EWHC 999 (QB), (L138156). Following the judgment in this action, there were submissions on behalf of the claimants concerning whether damages were to be assessed on the basis of a value difference at transaction date or on the basis of the likely lost income. "Held": on the basis of the use of costs and court time it was considered that assessment was a suitable action. | |
| 590 | _aKA | ||
| 650 | 2 | 4 | _aMALMESBURY V STRUTT AND PARKER |
| 651 | 4 | _aBOURNEMOUTH | |
| 690 | _aMANAGEMENT-BUSINESS MANAGEMENT-PROFESSIONAL PRACTICE-NEGLIGENCE | ||
| 856 | 4 | 0 |
_uhttps://www.bailii.org/ew/cases/EWHC/Admin/2007/1132.html _zView the item free of charge at www.bailii.org... |
| 942 | _n0 | ||
| 999 |
_c107094 _d107094 |
||